{"text_format":"3","workbook":"xlsx","n_sheets":2,"sheets":["SUMMARY","MATERIAL TAKE-OFF"],"not_rendered":{"charts":1,"images":3,"defined_names":3},"read":"whole","date_system":"1900"}

{"sheet":"SUMMARY","index":0,"n_rows":18,"n_cols":4,"rows_kept":18,"merged":[[12,0,12,1],[13,0,13,3],[17,0,17,1]]}
[]
["Project ID:"]
[]
["Address:"]
[]
["No. of Floors:",1]
[]
["Building GSF",2500]
[]
["DIVISION NO.","DESCRIPTION","TOTAL DIV. COST","TOTAL DIV. COST (PER SF)"]
[1000,"General Requirements",{"$f":"'MATERIAL TAKE-OFF'!P19","v":{"v":36209.294609762655,"d":"$36,209"}},{"$f":"C11/$B$8","v":{"v":14.483717843905062,"d":"$14.48"}}]
[23000,"HVAC/Mechanical",{"$f":"'MATERIAL TAKE-OFF'!P95","v":{"v":261817.0253778934,"d":"$261,817"}},{"$f":"C12/$B$8","v":{"v":104.72681015115737,"d":"$104.73"}}]
["PROJECTED COST",null,{"$f":"SUM(C11:C12)","v":{"v":298026.3199876561,"d":"$298,026"}},{"$f":"SUM(D11:D12)","v":{"v":119.21052799506242,"d":"$119"}}]
[]
["OVERHEAD AND PROFIT",{"v":0.2,"d":"20%"},{"$f":"$C$13*B15","v":{"v":59605.26399753122,"d":"$59,605"}},{"$f":"$D$13*B15","v":{"v":23.842105599012484,"d":"$24"}}]
["INSURANCE",{"v":0.03,"d":"3%"},{"$f":"$C$13*B16","v":{"v":8940.789599629683,"d":"$8,941"}},{"$f":"$D$13*B16","v":{"v":3.5763158398518726,"d":"$4"}}]
["CONTINGENCY",{"v":0.05,"d":"5%"},{"$f":"$C$13*B17","v":{"v":14901.315999382805,"d":"$14,901"}},{"$f":"$D$13*B17","v":{"v":5.960526399753121,"d":"$6"}}]
["SUGGESTED BASE BID",null,{"$f":"SUM(C13:C17)","v":{"v":381473.6895841998,"d":"$381,474"}},{"$f":"SUM(D13:D17)","v":{"v":152.5894758336799,"d":"$153"}}]

{"sheet":"MATERIAL TAKE-OFF","index":1,"n_rows":113,"n_cols":17,"rows_kept":113,"merged":[[2,10,2,11],[2,12,2,13],[3,10,3,11],[3,12,3,13],[4,10,4,11],[4,12,4,13],[5,10,5,11],[5,12,5,13],[6,10,6,11],[6,12,6,13],[7,10,7,11],[7,12,7,13],[10,1,10,14],[20,1,20,14],[96,0,96,13],[97,0,97,13],[98,0,98,13],[99,0,99,13],[100,0,100,12],[102,1,102,14]]}
[]
[]
["Project: "]
[]
["Address:"]
[]
["Scope:","MECHANICAL"]
[]
["Date:"]
["SR #","REF","DESCRIPTION","QUANTITY","UNIT","WASTAGE","QUANTITY W/ WASTAGE","LABOR HOURS","WAGES","TOTAL LABOR  HOUR","TOTAL LABOUR COST","MATERIAL RATE","TOTAL MATETRIAL COST","EQUIPMENT RATE","TOTAL EQUIPMENT COSTS","SUB COST"]
[null,"01. GENERAL REQUIREMENTS"]
[1,null,"Supervision and Coordination",1,"LS",{"v":0,"d":"0%"},{"$f":"(F12*D12)+D12","v":{"v":1,"d":"1.00"}},{"$f":"2.5%*$Q$12/I12","v":{"v":74.45598492148034,"d":"74.46"}},{"v":87.91,"d":"$87.91"},{"$f":"H12*G12","v":{"v":74.45598492148034,"d":"74.46"}},{"$f":"I12*J12","v":{"v":6545.425634447336,"d":"$6,545.43"}},{"v":0,"d":"$0.00"},{"$f":"L12*G12","v":{"v":0,"d":"$0.00"}},{"v":0,"d":"$0.00"},{"$f":"N12*G12","v":{"v":0,"d":"$0.00"}},{"$f":"IF(D12=\"\",\"\",(K12+M12+O12))","v":{"v":6545.425634447336,"d":"$6,545.43"}},{"$f":"SUM(P22:P95)/2","v":{"v":261817.0253778934,"d":"$261,817.03"}}]
[{"$f":"A12+1","v":2},null,"Submittals and Shop drawings",1,"LS",{"v":0,"d":"0%"},{"v":1,"d":"1.00"},{"$f":"1.65%*$Q$12/I13","v":{"v":49.14095004817701,"d":"49.14"}},{"v":87.91,"d":"$87.91"},{"v":49.14095004817701,"d":"49.14"},{"v":4319.980918735241,"d":"$4,319.98"},{"v":0,"d":"$0.00"},{"v":0,"d":"$0.00"},{"v":0,"d":"$0.00"},{"v":0,"d":"$0.00"},{"v":4319.980918735241,"d":"$4,319.98"}]
[3,null,"Final Cleaning",1,"LS",{"v":0,"d":"0%"},{"v":1,"d":"1.00"},{"$f":"0.85%*$Q$12/I14","v":{"v":25.31503487330331,"d":"25.32"}},{"v":87.91,"d":"$87.91"},{"v":25.31503487330331,"d":"25.32"},{"v":2225.444715712094,"d":"$2,225.44"},{"v":0,"d":"$0.00"},{"v":0,"d":"$0.00"},{"v":0,"d":"$0.00"},{"v":0,"d":"$0.00"},{"v":2225.444715712094,"d":"$2,225.44"}]
[4,null,"Mobilization Costs",1,"LS",{"v":0,"d":"0%"},{"v":1,"d":"1.00"},{"$f":"2.35%*$Q$12/I15","v":{"v":69.98862582619151,"d":"69.99"}},{"v":87.91,"d":"$87.91"},{"v":69.98862582619151,"d":"69.99"},{"v":6152.700096380495,"d":"$6,152.70"},{"v":0,"d":"$0.00"},{"v":0,"d":"$0.00"},{"v":0,"d":"$0.00"},{"v":0,"d":"$0.00"},{"v":6152.700096380495,"d":"$6,152.70"}]
[5,null,"Bond @ 2%",1,"LS",{"v":0,"d":"0%"},{"v":1,"d":"1.00"},{"$f":"2%*$Q$12/I16","v":{"v":59.56478793718426,"d":"59.56"}},{"v":87.91,"d":"$87.91"},{"v":59.56478793718426,"d":"59.56"},{"v":5236.3405075578685,"d":"$5,236.34"},{"v":0,"d":"$0.00"},{"v":0,"d":"$0.00"},{"v":0,"d":"$0.00"},{"v":0,"d":"$0.00"},{"v":5236.3405075578685,"d":"$5,236.34"}]
[6,null,"Temporary Control & Facilities",1,"LS",{"v":0,"d":"0%"},{"v":1,"d":"1.00"},{"$f":"0.98%*$Q$12/I17","v":{"v":29.186746089220286,"d":"29.19"}},{"v":87.91,"d":"$87.91"},{"v":29.186746089220286,"d":"29.19"},{"v":2565.806848703355,"d":"$2,565.81"},{"v":0,"d":"$0.00"},{"v":0,"d":"$0.00"},{"v":0,"d":"$0.00"},{"v":0,"d":"$0.00"},{"v":2565.806848703355,"d":"$2,565.81"}]
[7,null,"Scaffolding",1,"LS",{"v":0,"d":"0%"},{"v":1,"d":"1.00"},{"$f":"3.5%*$Q$12/I18","v":{"v":104.23837889007248,"d":"104.24"}},{"v":87.91,"d":"$87.91"},{"v":104.23837889007248,"d":"104.24"},{"v":9163.595888226271,"d":"$9,163.60"},{"v":0,"d":"$0.00"},{"v":0,"d":"$0.00"},{"v":0,"d":"$0.00"},{"v":0,"d":"$0.00"},{"v":9163.595888226271,"d":"$9,163.60"}]
[{"$f":"IF(E19=0,\"\",1+MAX(A13:A18))","v":""},{"$nulls":13},"SUBTOTAL",{"$f":"SUM(P12:P18)","v":{"v":36209.294609762655,"d":"$36,209.29"}}]
[{"$f":"IF(E20=0,\"\",1+MAX(#REF!))","v":""}]
[{"$f":"IF(E21=0,\"\",1+MAX(A20:A20))","v":""},"23. HVAC/MECHANICAL"]
[{"$f":"IF(E22=0,\"\",1+MAX(A20:A21))","v":""},null,"Mechanical Ducts"]
[{"$f":"IF(D23=0,\"\",1+MAX(A$12:A22))","v":8},null,"22'' Dia Duct",2.49,"LF",{"v":0.1,"d":"10%"},{"$f":"(F23*D23)+D23","v":{"v":2.7390000000000003,"d":"2.74"}},{"v":1.3816000000000002,"d":"1.38"},{"v":61.2,"d":"$61.20"},{"$f":"H23*G23","v":{"v":3.7842024000000007,"d":"3.78"}},{"$f":"I23*J23","v":{"v":231.59318688000005,"d":"$231.59"}},{"v":56.2,"d":"$56.20"},{"$f":"L23*G23","v":{"v":153.93180000000004,"d":"$153.93"}},{"v":0,"d":"$0.00"},{"$f":"N23*G23","v":{"v":0,"d":"$0.00"}},{"$f":"IF(D23=\"\",\"\",(K23+M23+O23))","v":{"v":385.5249868800001,"d":"$385.52"}}]
[{"$f":"IF(D24=0,\"\",1+MAX(A$12:A23))","v":9},null,"28'' Dia Duct",4.66,"LF",{"v":0.1,"d":"10%"},{"v":5.126,"d":"5.13"},{"v":1.7584000000000002,"d":"1.76"},{"v":61.2,"d":"$61.20"},{"v":9.0135584,"d":"9.01"},{"v":551.6297740800001,"d":"$551.63"},{"v":75.39,"d":"$75.39"},{"v":386.44914,"d":"$386.45"},{"v":0,"d":"$0.00"},{"v":0,"d":"$0.00"},{"v":938.07891408,"d":"$938.08"}]
[{"$f":"IF(D25=0,\"\",1+MAX(A$12:A24))","v":10},null,"36x20 Duct",14.97,"LF",{"v":0.1,"d":"10%"},{"v":16.467000000000002,"d":"16.47"},2.24,{"v":61.2,"d":"$61.20"},{"v":36.88608000000001,"d":"36.89"},{"v":2257.4280960000006,"d":"$2,257.43"},{"v":133.92,"d":"$133.92"},{"v":2205.26064,"d":"$2,205.26"},{"v":0,"d":"$0.00"},{"v":0,"d":"$0.00"},{"v":4462.688736,"d":"$4,462.69"}]
[{"$f":"IF(D26=0,\"\",1+MAX(A$12:A25))","v":11},null,"26x24 Duct",30.38,"LF",{"v":0.1,"d":"10%"},{"v":33.418,"d":"33.42"},{"v":2,"d":"2.00"},{"v":61.2,"d":"$61.20"},{"v":66.836,"d":"66.84"},{"v":4090.3632000000002,"d":"$4,090.36"},{"v":116.064,"d":"$116.06"},{"v":3878.6267519999997,"d":"$3,878.63"},{"v":0,"d":"$0.00"},{"v":0,"d":"$0.00"},{"v":7968.989952,"d":"$7,968.99"}]
[{"$f":"IF(D27=0,\"\",1+MAX(A$12:A26))","v":12},null,"10x10 Duct",0.95,"LF",{"v":0.1,"d":"10%"},{"v":1.045,"d":"1.05"},{"v":0.8,"d":"0.80"},{"v":61.2,"d":"$61.20"},{"v":0.836,"d":"0.84"},{"v":51.1632,"d":"$51.16"},{"v":18.6,"d":"$18.60"},{"v":19.437,"d":"$19.44"},{"v":0,"d":"$0.00"},{"v":0,"d":"$0.00"},{"v":70.6002,"d":"$70.60"}]
[{"$f":"IF(D28=0,\"\",1+MAX(A$12:A27))","v":13},null,"14x14 Duct",4.27,"LF",{"v":0.1,"d":"10%"},{"v":4.696999999999999,"d":"4.70"},1.12,{"v":61.2,"d":"$61.20"},{"v":5.2606399999999995,"d":"5.26"},{"v":321.951168,"d":"$321.95"},{"v":36.456,"d":"$36.46"},{"v":171.23383199999998,"d":"$171.23"},{"v":0,"d":"$0.00"},{"v":0,"d":"$0.00"},{"v":493.18499999999995,"d":"$493.19"}]
[{"$f":"IF(D29=0,\"\",1+MAX(A$12:A28))","v":14},null,"12x6 Duct",9.21,"LF",{"v":0.1,"d":"10%"},{"v":10.131,"d":"10.13"},0.72,{"v":61.2,"d":"$61.20"},{"v":7.29432,"d":"7.29"},{"v":446.41238400000003,"d":"$446.41"},{"v":13.392,"d":"$13.39"},{"v":135.674352,"d":"$135.67"},{"v":0,"d":"$0.00"},{"v":0,"d":"$0.00"},{"v":582.086736,"d":"$582.09"}]
[{"$f":"IF(D30=0,\"\",1+MAX(A$12:A29))","v":15},null,"26x12 Duct",31.96,"LF",{"v":0.1,"d":"10%"},{"v":35.156,"d":"35.16"},1.52,{"v":61.2,"d":"$61.20"},{"v":53.43712,"d":"53.44"},{"v":3270.351744,"d":"$3,270.35"},{"v":58.032,"d":"$58.03"},{"v":2040.1729919999998,"d":"$2,040.17"},{"v":0,"d":"$0.00"},{"v":0,"d":"$0.00"},{"v":5310.524735999999,"d":"$5,310.52"}]
[{"$f":"IF(D31=0,\"\",1+MAX(A$12:A30))","v":16},null,"14x12 Duct",5.68,"LF",{"v":0.1,"d":"10%"},{"v":6.247999999999999,"d":"6.25"},1.04,{"v":61.2,"d":"$61.20"},{"v":6.49792,"d":"6.50"},{"v":397.672704,"d":"$397.67"},{"v":31.248,"d":"$31.25"},{"v":195.23750399999997,"d":"$195.24"},{"v":0,"d":"$0.00"},{"v":0,"d":"$0.00"},{"v":592.910208,"d":"$592.91"}]
[{"$f":"IF(D32=0,\"\",1+MAX(A$12:A31))","v":17},null,"34x24 Duct",16.83,"LF",{"v":0.1,"d":"10%"},{"v":18.512999999999998,"d":"18.51"},2.32,{"v":61.2,"d":"$61.20"},{"v":42.95015999999999,"d":"42.95"},{"v":2628.5497919999993,"d":"$2,628.55"},{"v":151.776,"d":"$151.78"},{"v":2809.829088,"d":"$2,809.83"},{"v":0,"d":"$0.00"},{"v":0,"d":"$0.00"},{"v":5438.378879999999,"d":"$5,438.38"}]
[{"$f":"IF(D33=0,\"\",1+MAX(A$12:A32))","v":18},null,"24x14 Duct",69.24,"LF",{"v":0.1,"d":"10%"},{"v":76.16399999999999,"d":"76.16"},1.52,{"v":61.2,"d":"$61.20"},{"v":115.76927999999998,"d":"115.77"},{"v":7085.079935999999,"d":"$7,085.08"},{"v":62.496,"d":"$62.50"},{"v":4759.945344,"d":"$4,759.95"},{"v":0,"d":"$0.00"},{"v":0,"d":"$0.00"},{"v":11845.025279999998,"d":"$11,845.03"}]
[{"$f":"IF(D34=0,\"\",1+MAX(A$12:A33))","v":19},null,"24x20 Duct",86.17,"LF",{"v":0.1,"d":"10%"},{"v":94.787,"d":"94.79"},1.76,{"v":61.2,"d":"$61.20"},{"v":166.82512,"d":"166.83"},{"v":10209.697344,"d":"$10,209.70"},{"v":89.28,"d":"$89.28"},{"v":8462.58336,"d":"$8,462.58"},{"v":0,"d":"$0.00"},{"v":0,"d":"$0.00"},{"v":18672.280704,"d":"$18,672.28"}]
[{"$f":"IF(E35=0,\"\",1+MAX(A20:A23))","v":""},null,"Ducts Insulation "]
[{"$f":"IF(D36=0,\"\",1+MAX(A$12:A35))","v":20},null,"Insulation For Mechanical Ducts",{"v":1967,"d":"1,967.00"},"SF",{"v":0.1,"d":"10%"},{"$f":"(F36*D36)+D36","v":{"v":2163.7,"d":"2163.70"}},{"v":0.058,"d":"0.06"},{"v":61.2,"d":"$61.20"},{"$f":"H36*G36","v":{"v":125.49459999999999,"d":"125.49"}},{"$f":"I36*J36","v":{"v":7680.26952,"d":"$7,680.27"}},{"v":1.14,"d":"$1.14"},{"$f":"L36*G36","v":{"v":2466.6179999999995,"d":"$2,466.62"}},{"v":0,"d":"$0.00"},{"$f":"N36*G36","v":{"v":0,"d":"$0.00"}},{"$f":"IF(D36=\"\",\"\",(K36+M36+O36))","v":{"v":10146.88752,"d":"$10,146.89"}}]
[{"$f":"IF(E37=0,\"\",1+MAX(A20:A36))","v":""},null,"Mechanical Pipes"]
[{"$f":"IF(D38=0,\"\",1+MAX(A$12:A37))","v":21},null,"8'' Dia Refrigerant Piping",294.94,"LF",{"v":0.1,"d":"10%"},{"$f":"(F38*D38)+D38","v":{"v":324.43399999999997,"d":"324.43"}},{"v":0.7,"d":"0.70"},{"v":61.2,"d":"$61.20"},{"$f":"H38*G38","v":{"v":227.10379999999995,"d":"227.10"}},{"$f":"I38*J38","v":{"v":13898.752559999997,"d":"$13,898.75"}},{"v":120.18666666666667,"d":"$120.19"},{"$f":"L38*G38","v":{"v":38992.64101333333,"d":"$38,992.64"}},{"v":0,"d":"$0.00"},{"$f":"N38*G38","v":{"v":0,"d":"$0.00"}},{"$f":"IF(D38=\"\",\"\",(K38+M38+O38))","v":{"v":52891.39357333332,"d":"$52,891.39"}}]
[{"$f":"IF(D39=0,\"\",1+MAX(A$12:A38))","v":22},null,"6'' Dia Refrigerant Piping",103.58,"LF",{"v":0.1,"d":"10%"},{"v":113.938,"d":"113.94"},0.63,{"v":61.2,"d":"$61.20"},{"v":71.78094,"d":"71.78"},{"v":4392.993528,"d":"$4,392.99"},{"v":90.14,"d":"$90.14"},{"v":10270.37132,"d":"$10,270.37"},{"v":0,"d":"$0.00"},{"v":0,"d":"$0.00"},{"v":14663.364848000001,"d":"$14,663.36"}]
[{"$f":"IF(D40=0,\"\",1+MAX(A$12:A39))","v":23},null,"1-1/4'' Condensate Drain Pipe",6.67,"LF",{"v":0.1,"d":"10%"},{"v":7.337,"d":"7.34"},{"v":0.145,"d":"0.15"},{"v":61.2,"d":"$61.20"},{"v":1.0638649999999998,"d":"1.06"},{"v":65.108538,"d":"$65.11"},{"v":12.69,"d":"$12.69"},{"v":93.10652999999999,"d":"$93.11"},{"v":0,"d":"$0.00"},{"v":0,"d":"$0.00"},{"v":158.21506799999997,"d":"$158.22"}]
[{"$f":"IF(D41=0,\"\",1+MAX(A$12:A40))","v":24},null,"1'' Condensate Drain",186.94,"LF",{"v":0.1,"d":"10%"},{"v":205.634,"d":"205.63"},{"v":0.124,"d":"0.12"},{"v":61.2,"d":"$61.20"},{"v":25.498616,"d":"25.50"},{"v":1560.5152992,"d":"$1,560.52"},{"v":9.1,"d":"$9.10"},{"v":1871.2694,"d":"$1,871.27"},{"v":0,"d":"$0.00"},{"v":0,"d":"$0.00"},{"v":3431.7846992,"d":"$3,431.78"}]
[{"$f":"IF(D42=0,\"\",1+MAX(A$12:A41))","v":25},null,"3'' Dia Flue & Combustion Intake Pipe",180.47,"LF",{"v":0.1,"d":"10%"},{"v":198.517,"d":"198.52"},{"v":0.3,"d":"0.30"},{"v":61.2,"d":"$61.20"},{"v":59.555099999999996,"d":"59.56"},{"v":3644.77212,"d":"$3,644.77"},{"v":45.07,"d":"$45.07"},{"v":8947.16119,"d":"$8,947.16"},{"v":0,"d":"$0.00"},{"v":0,"d":"$0.00"},{"v":12591.93331,"d":"$12,591.93"}]
[{"$f":"IF(D43=0,\"\",1+MAX(A$12:A42))","v":26},null,"Refrigerant Piping",2.23,"LF",{"v":0.1,"d":"10%"},{"v":2.453,"d":"2.45"},{"v":0.124,"d":"0.12"},{"v":61.2,"d":"$61.20"},{"v":0.304172,"d":"0.30"},{"v":18.6153264,"d":"$18.62"},{"v":93.1,"d":"$93.10"},{"v":228.37429999999998,"d":"$228.37"},{"v":0,"d":"$0.00"},{"v":0,"d":"$0.00"},{"v":246.98962639999996,"d":"$246.99"}]
[{"$f":"IF(E44=0,\"\",1+MAX(A22:A38))","v":""},null,"Fittings & Transitions"]
[{"$f":"IF(D45=0,\"\",1+MAX(A$12:A44))","v":27},null,"45 Degree Elbow",{"v":30,"d":"30.00"},"EA",{"v":0,"d":"0%"},{"$f":"(F45*D45)+D45","v":{"v":30,"d":"30.00"}},{"v":0.786,"d":"0.79"},{"v":61.2,"d":"$61.20"},{"$f":"H45*G45","v":{"v":23.580000000000002,"d":"23.58"}},{"$f":"I45*J45","v":{"v":1443.0960000000002,"d":"$1,443.10"}},{"v":32.74,"d":"$32.74"},{"$f":"L45*G45","v":{"v":982.2,"d":"$982.20"}},{"v":0,"d":"$0.00"},{"$f":"N45*G45","v":{"v":0,"d":"$0.00"}},{"$f":"IF(D45=\"\",\"\",(K45+M45+O45))","v":{"v":2425.2960000000003,"d":"$2,425.30"}}]
[{"$f":"IF(D46=0,\"\",1+MAX(A$12:A45))","v":28},null,"90 Degree Elbow",{"v":27,"d":"27.00"},"EA",{"v":0,"d":"0%"},{"v":27,"d":"27.00"},{"v":0.982,"d":"0.98"},{"v":61.2,"d":"$61.20"},{"v":26.514,"d":"26.51"},{"v":1622.6568,"d":"$1,622.66"},{"v":36.98,"d":"$36.98"},{"v":998.4599999999999,"d":"$998.46"},{"v":0,"d":"$0.00"},{"v":0,"d":"$0.00"},{"v":2621.1168,"d":"$2,621.12"}]
[{"$f":"IF(D47=0,\"\",1+MAX(A$12:A46))","v":29},null,"90 Degree Bend",{"v":9,"d":"9.00"},"EA",{"v":0,"d":"0%"},{"v":9,"d":"9.00"},{"v":0.982,"d":"0.98"},{"v":61.2,"d":"$61.20"},{"v":8.838,"d":"8.84"},{"v":540.8856,"d":"$540.89"},{"v":36.98,"d":"$36.98"},{"v":332.82,"d":"$332.82"},{"v":0,"d":"$0.00"},{"v":0,"d":"$0.00"},{"v":873.7056,"d":"$873.71"}]
[{"$f":"IF(D48=0,\"\",1+MAX(A$12:A47))","v":30},null,"45 Degree Bend",{"v":7,"d":"7.00"},"EA",{"v":0,"d":"0%"},{"v":7,"d":"7.00"},{"v":0.786,"d":"0.79"},{"v":61.2,"d":"$61.20"},{"v":5.502000000000001,"d":"5.50"},{"v":336.72240000000005,"d":"$336.72"},{"v":32.74,"d":"$32.74"},{"v":229.18,"d":"$229.18"},{"v":0,"d":"$0.00"},{"v":0,"d":"$0.00"},{"v":565.9024000000001,"d":"$565.90"}]
[{"$f":"IF(D49=0,\"\",1+MAX(A$12:A48))","v":31},null,"Duct Transition",{"v":17,"d":"17.00"},"EA",{"v":0,"d":"0%"},{"v":17,"d":"17.00"},{"v":1.572,"d":"1.57"},{"v":61.2,"d":"$61.20"},{"v":26.724,"d":"26.72"},{"v":1635.5088,"d":"$1,635.51"},{"v":74.86,"d":"$74.86"},{"v":1272.62,"d":"$1,272.62"},{"v":0,"d":"$0.00"},{"v":0,"d":"$0.00"},{"v":2908.1288,"d":"$2,908.13"}]
[{"$f":"IF(E50=0,\"\",1+MAX(A35:A45))","v":""},null,"Mechanical Equipments"]
[{"$f":"IF(D51=0,\"\",1+MAX(A$12:A50))","v":32},null,"GUH: Infra-Red Gas Heater (120V, 1P)\r\nBasis Of Design: Tungsten 500NG",{"v":3,"d":"3.00"},"EA",{"v":0,"d":"0%"},{"$f":"(F51*D51)+D51","v":{"v":3,"d":"3.00"}},{"v":7.418,"d":"7.42"},{"v":61.2,"d":"$61.20"},{"$f":"H51*G51","v":{"v":22.254,"d":"22.25"}},{"$f":"I51*J51","v":{"v":1361.9448000000002,"d":"$1,361.94"}},{"v":2026,"d":"$2,026.00"},{"$f":"L51*G51","v":{"v":6078,"d":"$6,078.00"}},{"v":0,"d":"$0.00"},{"$f":"N51*G51","v":{"v":0,"d":"$0.00"}},{"$f":"IF(D51=\"\",\"\",(K51+M51+O51))","v":{"v":7439.9448,"d":"$7,439.94"}}]
[{"$f":"IF(D52=0,\"\",1+MAX(A$12:A51))","v":33},null,"MAU-1: RTU Fan (1790 CFM)\r\nManuf & Model#: Captive ire, CAS-HVAC2-18-8T-MPU\r\nWeight: 1920 LBS",{"v":1,"d":"1.00"},"EA",{"v":0,"d":"0%"},{"$f":"(F52*D52)+D52","v":{"v":1,"d":"1.00"}},{"v":86.972,"d":"86.97"},{"v":61.2,"d":"$61.20"},{"$f":"H52*G52","v":{"v":86.972,"d":"86.97"}},{"$f":"I52*J52","v":{"v":5322.6864,"d":"$5,322.69"}},{"v":30972,"d":"$30,972.00"},{"$f":"L52*G52","v":{"v":30972,"d":"$30,972.00"}},{"v":0,"d":"$0.00"},{"$f":"N52*G52","v":{"v":0,"d":"$0.00"}},{"v":36294.6864,"d":"$36,294.69"}]
[{"$f":"IF(E53=0,\"\",1+MAX(A37:A51))","v":""},null,"Exhaust Fans"]
[{"$f":"IF(D54=0,\"\",1+MAX(A$12:A53))","v":34},null,"FF-1: Flying Fan (1800 CFM)\r\nBasis Of Design: LPV2",{"v":6,"d":"6.00"},"EA",{"v":0,"d":"0%"},{"$f":"(F54*D54)+D54","v":{"v":6,"d":"6.00"}},{"v":4.986,"d":"4.99"},{"v":61.2,"d":"$61.20"},{"$f":"H54*G54","v":{"v":29.915999999999997,"d":"29.92"}},{"$f":"I54*J54","v":{"v":1830.8591999999999,"d":"$1,830.86"}},{"v":418.17,"d":"$418.17"},{"$f":"L54*G54","v":{"v":2509.02,"d":"$2,509.02"}},{"v":0,"d":"$0.00"},{"$f":"N54*G54","v":{"v":0,"d":"$0.00"}},{"$f":"IF(D54=\"\",\"\",(K54+M54+O54))","v":{"v":4339.879199999999,"d":"$4,339.88"}}]
[{"$f":"IF(D55=0,\"\",1+MAX(A$12:A54))","v":35},null,"FF-2: Flying Fan (900 CFM)\r\nBasis Of Design: LPV2",{"v":3,"d":"3.00"},"EA",{"v":0,"d":"0%"},{"v":3,"d":"3.00"},{"v":4.986,"d":"4.99"},{"v":61.2,"d":"$61.20"},{"v":14.957999999999998,"d":"14.96"},{"v":915.4295999999999,"d":"$915.43"},{"v":418.17,"d":"$418.17"},{"v":1254.51,"d":"$1,254.51"},{"v":0,"d":"$0.00"},{"v":0,"d":"$0.00"},{"v":2169.9395999999997,"d":"$2,169.94"}]
[{"$f":"IF(D56=0,\"\",1+MAX(A$12:A55))","v":36},null,"CL TLT: Fan (700 CFM)\r\nBasis Of Design: G 100 VG\r\nWiight: 70 LBS",{"v":1,"d":"1.00"},"EA",{"v":0,"d":"0%"},{"v":1,"d":"1.00"},{"v":9.112,"d":"9.11"},{"v":61.2,"d":"$61.20"},{"v":9.112,"d":"9.11"},{"v":557.6544,"d":"$557.65"},{"v":1482,"d":"$1,482.00"},{"v":1482,"d":"$1,482.00"},{"v":0,"d":"$0.00"},{"v":0,"d":"$0.00"},{"v":2039.6544,"d":"$2,039.65"}]
[{"$f":"IF(D57=0,\"\",1+MAX(A$12:A56))","v":37},null,"KEF-1: Kitchen Exhaust Fan (2138 CFM)\r\nManuf & Model#: Captive ire, DU180HFA\r\nWeight: 190 LBS",{"v":1,"d":"1.00"},"EA",{"v":0,"d":"0%"},{"v":1,"d":"1.00"},{"v":8.472,"d":"8.47"},{"v":61.2,"d":"$61.20"},{"v":8.472,"d":"8.47"},{"v":518.4864,"d":"$518.49"},{"v":1457,"d":"$1,457.00"},{"v":1457,"d":"$1,457.00"},{"v":0,"d":"$0.00"},{"v":0,"d":"$0.00"},{"v":1975.4864,"d":"$1,975.49"}]
[{"$f":"IF(D58=0,\"\",1+MAX(A$12:A57))","v":38},null,"KEF-2: Kitchen Exhaust Fan (2138 CFM)\r\nManuf & Model#: Captive ire, DU180HFA\r\nWeight: 190 LBS",{"v":1,"d":"1.00"},"EA",{"v":0,"d":"0%"},{"v":1,"d":"1.00"},{"v":8.472,"d":"8.47"},{"v":61.2,"d":"$61.20"},{"v":8.472,"d":"8.47"},{"v":518.4864,"d":"$518.49"},{"v":1457,"d":"$1,457.00"},{"v":1457,"d":"$1,457.00"},{"v":0,"d":"$0.00"},{"v":0,"d":"$0.00"},{"v":1975.4864,"d":"$1,975.49"}]
[{"$f":"IF(D59=0,\"\",1+MAX(A$12:A58))","v":39},null,"KEF-3: Kitchen Exhaust Fan (685 CFM)\r\nManuf & Model#: Captive ire, CASRE15DD\r\nWeight: 270 LBS",{"v":1,"d":"1.00"},"EA",{"v":0,"d":"0%"},{"v":1,"d":"1.00"},{"v":15.749,"d":"15.75"},{"v":61.2,"d":"$61.20"},{"v":15.749,"d":"15.75"},{"v":963.8388000000001,"d":"$963.84"},{"v":2714.38,"d":"$2,714.38"},{"v":2714.38,"d":"$2,714.38"},{"v":0,"d":"$0.00"},{"v":0,"d":"$0.00"},{"v":3678.2188,"d":"$3,678.22"}]
[null,null,"Condensing Units"]
[{"$f":"IF(D61=0,\"\",1+MAX(A$12:A60))","v":40},null,"Hurricane Rated Condensing Unit\r\nWeight: 209 LBS",{"v":2,"d":"2.00"},"EA",{"v":0,"d":"0%"},{"$f":"(F61*D61)+D61","v":{"v":2,"d":"2.00"}},{"v":17.859,"d":"17.86"},{"v":61.2,"d":"$61.20"},{"$f":"H61*G61","v":{"v":35.718,"d":"35.72"}},{"$f":"I61*J61","v":{"v":2185.9416,"d":"$2,185.94"}},{"v":4986.72,"d":"$4,986.72"},{"$f":"L61*G61","v":{"v":9973.44,"d":"$9,973.44"}},{"v":0,"d":"$0.00"},{"$f":"N61*G61","v":{"v":0,"d":"$0.00"}},{"$f":"IF(D61=\"\",\"\",(K61+M61+O61))","v":{"v":12159.3816,"d":"$12,159.38"}}]
[{"$f":"IF(D62=0,\"\",1+MAX(A$12:A61))","v":41},null,"Hurricane Rated Condensing Unit\r\nWeight: 138 LBS",{"v":1,"d":"1.00"},"EA",{"v":0,"d":"0%"},{"$f":"(F62*D62)+D62","v":{"v":1,"d":"1.00"}},{"v":13.472,"d":"13.47"},{"v":61.2,"d":"$61.20"},{"$f":"H62*G62","v":{"v":13.472,"d":"13.47"}},{"$f":"I62*J62","v":{"v":824.4864,"d":"$824.49"}},{"v":3462.75,"d":"$3,462.75"},{"$f":"L62*G62","v":{"v":3462.75,"d":"$3,462.75"}},{"v":0,"d":"$0.00"},{"$f":"N62*G62","v":{"v":0,"d":"$0.00"}},{"v":4287.2364,"d":"$4,287.24"}]
[null,null,"Diffuser/ Register/ Grilles"]
[{"$f":"IF(D64=0,\"\",1+MAX(A$12:A63))","v":42},null,"E1: Exhaust Grill (100 CFM)\r\nNeck Size: 8x8",{"v":7,"d":"7.00"},"EA",{"v":0,"d":"0%"},{"$f":"(F64*D64)+D64","v":{"v":7,"d":"7.00"}},{"v":1.294,"d":"1.29"},{"v":61.2,"d":"$61.20"},{"$f":"H64*G64","v":{"v":9.058,"d":"9.06"}},{"$f":"I64*J64","v":{"v":554.3496,"d":"$554.35"}},{"v":55.98,"d":"$55.98"},{"$f":"L64*G64","v":{"v":391.85999999999996,"d":"$391.86"}},{"v":0,"d":"$0.00"},{"$f":"N64*G64","v":{"v":0,"d":"$0.00"}},{"$f":"IF(D64=\"\",\"\",(K64+M64+O64))","v":{"v":946.2095999999999,"d":"$946.21"}}]
[{"$f":"IF(D65=0,\"\",1+MAX(A$12:A64))","v":43},null,"S2: Supply Diffuser (230 CFM)\r\nNeck Size: 10'' Dia",{"v":2,"d":"2.00"},"EA",{"v":0,"d":"0%"},{"v":2,"d":"2.00"},{"v":1.598,"d":"1.60"},{"v":61.2,"d":"$61.20"},{"v":3.196,"d":"3.20"},{"v":195.59520000000003,"d":"$195.60"},{"v":62.27,"d":"$62.27"},{"v":124.54,"d":"$124.54"},{"v":0,"d":"$0.00"},{"v":0,"d":"$0.00"},{"v":320.13520000000005,"d":"$320.14"}]
[{"$f":"IF(D66=0,\"\",1+MAX(A$12:A65))","v":44},null,"S1: Supply Register (450 CFM)\nNeck Size: 18x12",{"v":7,"d":"7.00"},"EA",{"v":0,"d":"0%"},{"v":7,"d":"7.00"},{"v":1.847,"d":"1.85"},{"v":61.2,"d":"$61.20"},{"v":12.929,"d":"12.93"},{"v":791.2548,"d":"$791.25"},{"v":79.9,"d":"$79.90"},{"v":559.3000000000001,"d":"$559.30"},{"v":0,"d":"$0.00"},{"v":0,"d":"$0.00"},{"v":1350.5548000000001,"d":"$1,350.55"}]
[{"$f":"IF(D67=0,\"\",1+MAX(A$12:A66))","v":45},null,"S1: Supply Register (750 CFM)\nNeck Size: 18x12",{"v":6,"d":"6.00"},"EA",{"v":0,"d":"0%"},{"v":6,"d":"6.00"},{"v":1.847,"d":"1.85"},{"v":61.2,"d":"$61.20"},{"v":11.082,"d":"11.08"},{"v":678.2184000000001,"d":"$678.22"},{"v":79.9,"d":"$79.90"},{"v":479.40000000000003,"d":"$479.40"},{"v":0,"d":"$0.00"},{"v":0,"d":"$0.00"},{"v":1157.6184,"d":"$1,157.62"}]
[{"$f":"IF(D68=0,\"\",1+MAX(A$12:A67))","v":46},null,"S1: Supply Register (550 CFM)\nNeck Size: 18x12",{"v":2,"d":"2.00"},"EA",{"v":0,"d":"0%"},{"v":2,"d":"2.00"},{"v":1.847,"d":"1.85"},{"v":61.2,"d":"$61.20"},{"v":3.694,"d":"3.69"},{"v":226.0728,"d":"$226.07"},{"v":79.9,"d":"$79.90"},{"v":159.8,"d":"$159.80"},{"v":0,"d":"$0.00"},{"v":0,"d":"$0.00"},{"v":385.8728,"d":"$385.87"}]
[{"$f":"IF(D69=0,\"\",1+MAX(A$12:A68))","v":47},null,"S1: Supply Register (460 CFM)\nNeck Size: 18x12",{"v":1,"d":"1.00"},"EA",{"v":0,"d":"0%"},{"v":1,"d":"1.00"},{"v":1.847,"d":"1.85"},{"v":61.2,"d":"$61.20"},{"v":1.847,"d":"1.85"},{"v":113.0364,"d":"$113.04"},{"v":79.9,"d":"$79.90"},{"v":79.9,"d":"$79.90"},{"v":0,"d":"$0.00"},{"v":0,"d":"$0.00"},{"v":192.9364,"d":"$192.94"}]
[{"$f":"IF(D70=0,\"\",1+MAX(A$12:A69))","v":48},null,"S2: Perforated Face Supply Diffuser (470 CFM)\r\nNeck Size: 12'' Dia",{"v":15,"d":"15.00"},"EA",{"v":0,"d":"0%"},{"v":15,"d":"15.00"},{"v":2.126,"d":"2.13"},{"v":61.2,"d":"$61.20"},{"v":31.889999999999997,"d":"31.89"},{"v":1951.668,"d":"$1,951.67"},{"v":96.36,"d":"$96.36"},{"v":1445.4,"d":"$1,445.40"},{"v":0,"d":"$0.00"},{"v":0,"d":"$0.00"},{"v":3397.068,"d":"$3,397.07"}]
[{"$f":"IF(D71=0,\"\",1+MAX(A$12:A70))","v":49},null,"S3: Supply Diffuser (210 CFM)\r\nNeck Size: 8'' Dia",{"v":1,"d":"1.00"},"EA",{"v":0,"d":"0%"},{"v":1,"d":"1.00"},{"v":1.376,"d":"1.38"},{"v":61.2,"d":"$61.20"},{"v":1.376,"d":"1.38"},{"v":84.21119999999999,"d":"$84.21"},{"v":57.25,"d":"$57.25"},{"v":57.25,"d":"$57.25"},{"v":0,"d":"$0.00"},{"v":0,"d":"$0.00"},{"v":141.4612,"d":"$141.46"}]
[{"$f":"IF(D72=0,\"\",1+MAX(A$12:A71))","v":50},null,"S3: Supply Diffuser (130 CFM)\r\nNeck Size: 8'' Dia",{"v":1,"d":"1.00"},"EA",{"v":0,"d":"0%"},{"v":1,"d":"1.00"},{"v":1.376,"d":"1.38"},{"v":61.2,"d":"$61.20"},{"v":1.376,"d":"1.38"},{"v":84.21119999999999,"d":"$84.21"},{"v":57.25,"d":"$57.25"},{"v":57.25,"d":"$57.25"},{"v":0,"d":"$0.00"},{"v":0,"d":"$0.00"},{"v":141.4612,"d":"$141.46"}]
[{"$f":"IF(D73=0,\"\",1+MAX(A$12:A72))","v":51},null,"S3: Supply Diffuser (150 CFM)\r\nNeck Size: 8'' Dia",{"v":3,"d":"3.00"},"EA",{"v":0,"d":"0%"},{"v":3,"d":"3.00"},{"v":1.376,"d":"1.38"},{"v":61.2,"d":"$61.20"},{"v":4.128,"d":"4.13"},{"v":252.63360000000003,"d":"$252.63"},{"v":57.25,"d":"$57.25"},{"v":171.75,"d":"$171.75"},{"v":0,"d":"$0.00"},{"v":0,"d":"$0.00"},{"v":424.3836,"d":"$424.38"}]
[{"$f":"IF(D74=0,\"\",1+MAX(A$12:A73))","v":52},null,"S3: Supply Diffuser (50 CFM)\r\nNeck Size: 6'' Dia",{"v":1,"d":"1.00"},"EA",{"v":0,"d":"0%"},{"v":1,"d":"1.00"},{"v":1.154,"d":"1.15"},{"v":61.2,"d":"$61.20"},{"v":1.154,"d":"1.15"},{"v":70.6248,"d":"$70.62"},{"v":46.15,"d":"$46.15"},{"v":46.15,"d":"$46.15"},{"v":0,"d":"$0.00"},{"v":0,"d":"$0.00"},{"v":116.7748,"d":"$116.77"}]
[{"$f":"IF(D75=0,\"\",1+MAX(A$12:A74))","v":53},null,"S3: Supply Diffuser (40 CFM)\r\nNeck Size: 6'' Dia",{"v":1,"d":"1.00"},"EA",{"v":0,"d":"0%"},{"v":1,"d":"1.00"},{"v":1.154,"d":"1.15"},{"v":61.2,"d":"$61.20"},{"v":1.154,"d":"1.15"},{"v":70.6248,"d":"$70.62"},{"v":46.15,"d":"$46.15"},{"v":46.15,"d":"$46.15"},{"v":0,"d":"$0.00"},{"v":0,"d":"$0.00"},{"v":116.7748,"d":"$116.77"}]
[{"$f":"IF(D76=0,\"\",1+MAX(A$12:A75))","v":54},null,"S4: Supply register (450 CFM)\r\nNeck Size: 18x6 ",{"v":1,"d":"1.00"},"EA",{"v":0,"d":"0%"},{"v":1,"d":"1.00"},{"v":1.614,"d":"1.61"},{"v":61.2,"d":"$61.20"},{"v":1.614,"d":"1.61"},{"v":98.77680000000001,"d":"$98.78"},{"v":64.67,"d":"$64.67"},{"v":64.67,"d":"$64.67"},{"v":0,"d":"$0.00"},{"v":0,"d":"$0.00"},{"v":163.4468,"d":"$163.45"}]
[{"$f":"IF(D77=0,\"\",1+MAX(A$12:A76))","v":55},null,"S4: Supply register (210 CFM)\r\nNeck Size: 14x6 ",{"v":2,"d":"2.00"},"EA",{"v":0,"d":"0%"},{"v":2,"d":"2.00"},{"v":1.298,"d":"1.30"},{"v":61.2,"d":"$61.20"},{"v":2.596,"d":"2.60"},{"v":158.8752,"d":"$158.88"},{"v":52.98,"d":"$52.98"},{"v":105.96,"d":"$105.96"},{"v":0,"d":"$0.00"},{"v":0,"d":"$0.00"},{"v":264.8352,"d":"$264.84"}]
[{"$f":"IF(D78=0,\"\",1+MAX(A$12:A77))","v":56},null,"R1: Return Exhaust Grill (300 CFM)\r\nNeck Size: 10x10",{"v":1,"d":"1.00"},"EA",{"v":0,"d":"0%"},{"v":1,"d":"1.00"},{"v":0.998,"d":"1.00"},{"v":61.2,"d":"$61.20"},{"v":0.998,"d":"1.00"},{"v":61.077600000000004,"d":"$61.08"},{"v":43.49,"d":"$43.49"},{"v":43.49,"d":"$43.49"},{"v":0,"d":"$0.00"},{"v":0,"d":"$0.00"},{"v":104.5676,"d":"$104.57"}]
[{"$f":"IF(D79=0,\"\",1+MAX(A$12:A78))","v":57},null,"R1: Return Exhaust Grill (1960 CFM)\r\nNeck Size: 22x22",{"v":3,"d":"3.00"},"EA",{"v":0,"d":"0%"},{"v":3,"d":"3.00"},{"v":2.214,"d":"2.21"},{"v":61.2,"d":"$61.20"},{"v":6.6419999999999995,"d":"6.64"},{"v":406.49039999999997,"d":"$406.49"},{"v":96.74,"d":"$96.74"},{"v":290.21999999999997,"d":"$290.22"},{"v":0,"d":"$0.00"},{"v":0,"d":"$0.00"},{"v":696.7103999999999,"d":"$696.71"}]
[{"$f":"IF(D80=0,\"\",1+MAX(A$12:A79))","v":58},null,"R2: Return Exhaust Grill (4550 CFM)\r\nNeck Size: 48x24",{"v":1,"d":"1.00"},"EA",{"v":0,"d":"0%"},{"v":1,"d":"1.00"},{"v":3.596,"d":"3.60"},{"v":61.2,"d":"$61.20"},{"v":3.596,"d":"3.60"},{"v":220.07520000000002,"d":"$220.08"},{"v":388.77,"d":"$388.77"},{"v":388.77,"d":"$388.77"},{"v":0,"d":"$0.00"},{"v":0,"d":"$0.00"},{"v":608.8452,"d":"$608.85"}]
[{"$f":"IF(D81=0,\"\",1+MAX(A$12:A80))","v":59},null,"R2: Return Exhaust Grill (4450 CFM)\r\nNeck Size: 48x24",{"v":1,"d":"1.00"},"EA",{"v":0,"d":"0%"},{"v":1,"d":"1.00"},{"v":3.596,"d":"3.60"},{"v":61.2,"d":"$61.20"},{"v":3.596,"d":"3.60"},{"v":220.07520000000002,"d":"$220.08"},{"v":388.77,"d":"$388.77"},{"v":388.77,"d":"$388.77"},{"v":0,"d":"$0.00"},{"v":0,"d":"$0.00"},{"v":608.8452,"d":"$608.85"}]
[null,null,"Dampers"]
[{"$f":"IF(D83=0,\"\",1+MAX(A$12:A82))","v":60},null,"CMD: Concealed Manual Volume Damper",{"v":38,"d":"38.00"},"EA",{"v":0,"d":"0%"},{"$f":"(F83*D83)+D83","v":{"v":38,"d":"38.00"}},{"v":1.472,"d":"1.47"},{"v":61.2,"d":"$61.20"},{"$f":"H83*G83","v":{"v":55.936,"d":"55.94"}},{"$f":"I83*J83","v":{"v":3423.2832000000003,"d":"$3,423.28"}},{"v":121,"d":"$121.00"},{"$f":"L83*G83","v":{"v":4598,"d":"$4,598.00"}},{"v":0,"d":"$0.00"},{"$f":"N83*G83","v":{"v":0,"d":"$0.00"}},{"$f":"IF(D83=\"\",\"\",(K83+M83+O83))","v":{"v":8021.2832,"d":"$8,021.28"}}]
[{"$f":"IF(D84=0,\"\",1+MAX(A$12:A83))","v":61},null,"Control Balance Damper",{"v":1,"d":"1.00"},"EA",{"v":0,"d":"0%"},{"$f":"(F84*D84)+D84","v":{"v":1,"d":"1.00"}},{"v":1.893,"d":"1.89"},{"v":61.2,"d":"$61.20"},{"$f":"H84*G84","v":{"v":1.893,"d":"1.89"}},{"$f":"I84*J84","v":{"v":115.8516,"d":"$115.85"}},{"v":161,"d":"$161.00"},{"$f":"L84*G84","v":{"v":161,"d":"$161.00"}},{"v":0,"d":"$0.00"},{"$f":"N84*G84","v":{"v":0,"d":"$0.00"}},{"v":276.8516,"d":"$276.85"}]
[{"$f":"IF(D85=0,\"\",1+MAX(A$12:A84))","v":62},null,"Remote Balance Damper",{"v":1,"d":"1.00"},"EA",{"v":0,"d":"0%"},{"$f":"(F85*D85)+D85","v":{"v":1,"d":"1.00"}},{"v":2.241,"d":"2.24"},{"v":61.2,"d":"$61.20"},{"$f":"H85*G85","v":{"v":2.241,"d":"2.24"}},{"$f":"I85*J85","v":{"v":137.1492,"d":"$137.15"}},{"v":211.62,"d":"$211.62"},{"$f":"L85*G85","v":{"v":211.62,"d":"$211.62"}},{"v":0,"d":"$0.00"},{"$f":"N85*G85","v":{"v":0,"d":"$0.00"}},{"v":348.7692,"d":"$348.77"}]
[{"$f":"IF(D86=0,\"\",1+MAX(A$12:A85))","v":63},null,"Manual Volume Damper",{"v":10,"d":"10.00"},"EA",{"v":0,"d":"0%"},{"$f":"(F86*D86)+D86","v":{"v":10,"d":"10.00"}},{"v":0.896,"d":"0.90"},{"v":61.2,"d":"$61.20"},{"$f":"H86*G86","v":8.96},{"$f":"I86*J86","v":{"v":548.3520000000001,"d":"$548.35"}},{"v":65.98,"d":"$65.98"},{"$f":"L86*G86","v":{"v":659.8000000000001,"d":"$659.80"}},{"v":0,"d":"$0.00"},{"$f":"N86*G86","v":{"v":0,"d":"$0.00"}},{"v":1208.152,"d":"$1,208.15"}]
[{"$f":"IF(E87=0,\"\",1+MAX(A44:A54))","v":""},null,"Misc."]
[{"$f":"IF(D88=0,\"\",1+MAX(A$12:A87))","v":64},null,"HS: Humidity Sensor",{"v":3,"d":"3.00"},"EA",{"v":0,"d":"0%"},{"$f":"(F88*D88)+D88","v":{"v":3,"d":"3.00"}},{"v":1.512,"d":"1.51"},{"v":61.2,"d":"$61.20"},{"$f":"H88*G88","v":{"v":4.536,"d":"4.54"}},{"$f":"I88*J88","v":{"v":277.6032,"d":"$277.60"}},{"v":103.53,"d":"$103.53"},{"$f":"L88*G88","v":{"v":310.59000000000003,"d":"$310.59"}},{"v":0,"d":"$0.00"},{"$f":"N88*G88","v":{"v":0,"d":"$0.00"}},{"$f":"IF(D88=\"\",\"\",(K88+M88+O88))","v":{"v":588.1932,"d":"$588.19"}}]
[{"$f":"IF(D89=0,\"\",1+MAX(A$12:A88))","v":65},null,"TS: Thermostat W/ Remote Temperature",{"v":3,"d":"3.00"},"EA",{"v":0,"d":"0%"},{"v":3,"d":"3.00"},{"v":1.994,"d":"1.99"},{"v":61.2,"d":"$61.20"},{"v":5.982,"d":"5.98"},{"v":366.0984,"d":"$366.10"},{"v":152.61,"d":"$152.61"},{"v":457.83000000000004,"d":"$457.83"},{"v":0,"d":"$0.00"},{"v":0,"d":"$0.00"},{"v":823.9284,"d":"$823.93"}]
[{"$f":"IF(D90=0,\"\",1+MAX(A$12:A89))","v":66},null,"T: Thermostat",{"v":1,"d":"1.00"},"EA",{"v":0,"d":"0%"},{"v":1,"d":"1.00"},{"v":1.705,"d":"1.71"},{"v":61.2,"d":"$61.20"},{"v":1.705,"d":"1.71"},{"v":104.346,"d":"$104.35"},{"v":112.18,"d":"$112.18"},{"v":112.18,"d":"$112.18"},{"v":0,"d":"$0.00"},{"v":0,"d":"$0.00"},{"v":216.526,"d":"$216.53"}]
[{"$f":"IF(D91=0,\"\",1+MAX(A$12:A90))","v":67},null,"Duct Cap",{"v":2,"d":"2.00"},"EA",{"v":0,"d":"0%"},{"v":2,"d":"2.00"},{"v":0.739,"d":"0.74"},{"v":61.2,"d":"$61.20"},{"v":1.478,"d":"1.48"},{"v":90.45360000000001,"d":"$90.45"},{"v":36.98,"d":"$36.98"},{"v":73.96,"d":"$73.96"},{"v":0,"d":"$0.00"},{"v":0,"d":"$0.00"},{"v":164.4136,"d":"$164.41"}]
[{"$f":"IF(D92=0,\"\",1+MAX(A$12:A91))","v":68},null,"PS: Remote Pull Station",{"v":2,"d":"2.00"},"EA",{"v":0,"d":"0%"},{"v":2,"d":"2.00"},{"v":1.693,"d":"1.69"},{"v":61.2,"d":"$61.20"},{"v":3.386,"d":"3.39"},{"v":207.22320000000002,"d":"$207.22"},{"v":110.24,"d":"$110.24"},{"v":220.48,"d":"$220.48"},{"v":0,"d":"$0.00"},{"v":0,"d":"$0.00"},{"v":427.70320000000004,"d":"$427.70"}]
[{"$f":"IF(D93=0,\"\",1+MAX(A$12:A92))","v":69},null,"Grease Duct Clean out",{"v":5,"d":"5.00"},"EA",{"v":0,"d":"0%"},{"v":5,"d":"5.00"},{"v":1.998,"d":"2.00"},{"v":61.2,"d":"$61.20"},9.99,{"v":611.388,"d":"$611.39"},{"v":164.95,"d":"$164.95"},{"v":824.75,"d":"$824.75"},{"v":0,"d":"$0.00"},{"v":0,"d":"$0.00"},{"v":1436.138,"d":"$1,436.14"}]
[{"$f":"IF(D94=0,\"\",1+MAX(A$12:A93))","v":70},null,"Ansul System Equipment Cabinet",{"v":1,"d":"1.00"},"EA",{"v":0,"d":"0%"},{"v":1,"d":"1.00"},{"v":2.516,"d":"2.52"},{"v":61.2,"d":"$61.20"},{"v":2.516,"d":"2.52"},{"v":153.97920000000002,"d":"$153.98"},{"v":367.68,"d":"$367.68"},{"v":367.68,"d":"$367.68"},{"v":0,"d":"$0.00"},{"v":0,"d":"$0.00"},{"v":521.6592,"d":"$521.66"}]
[{"$f":"IF(E95=0,\"\",1+MAX(A50:A88))","v":""},{"$nulls":13},"SUBTOTAL",{"$f":"SUM(P22:P94)","v":{"v":261817.0253778934,"d":"$261,817.03"}}]
[{"$f":"IF(E96=0,\"\",1+MAX(A51:A95))","v":""}]
["PROJECTED COST",{"$nulls":14},{"$f":"SUM(P11:P96)/2","v":{"v":298026.31998765597,"d":"$298,026"}}]
["OVERHEAD AND PROFIT",{"$nulls":13},{"v":0.2,"d":"20%"},{"$f":"$P$97*O98","v":{"v":59605.2639975312,"d":"$59,605"}}]
["INSURANCE",{"$nulls":13},{"v":0.03,"d":"3%"},{"$f":"$P$97*O99","v":{"v":8940.78959962968,"d":"$8,941"}}]
["CONTINGENCY",{"$nulls":13},{"v":0.05,"d":"5%"},{"$f":"$P$97*O100","v":{"v":14901.3159993828,"d":"$14,901"}}]
["SUGGESTED BID",{"$nulls":14},{"$f":"SUM(P97:P100)","v":{"v":381473.6895841997,"d":"$381,474"}}]
["NOTES:"]
[null,"General Notes: The prices used while preparing the estimate were taken from RSMeans online i.e. the standard pricing. So, it is preferred to review the prices."]
[]
[null,null,"Note",{"$nulls":9},"Legend"]
[null,1,"The drawings are scaled as per the mentioned scales on the plans.",{"$nulls":9},"LBS = Pound "]
[{"$nulls":12},"SF= Square Feet"]
[{"$nulls":12},"LF = Linear Feet"]
[{"$nulls":12},"EA = Each"]
[{"$nulls":12},"CY = Cubic Yard"]
[{"$nulls":12},"SY = Square Yard"]
[{"$nulls":12},"LOC = Location"]
[{"$nulls":12},"LS = Lum Sum"]